[Event "Innsbruck op-B 1st"]
[Site "Innsbruck"]
[Date "2017.08.30"]
[Round "6"]
[White "Sporer, Georg"]
[Black "Rantner, Otto"]
[Result "1/2-1/2"]
[WhiteElo "1692"]
[BlackElo "1918"]
[PlyCount "25"]
[EventDate "2017.08.25"]
[EventType "swiss"]
[EventRounds "9"]
[EventCountry "AUT"]
[SourceTitle "CBM 180 Extra"]
[Source "ChessBase"]
[SourceDate "2017.10.06"]
[SourceVersion "1"]
[SourceVersionDate "2017.10.06"]
[SourceQuality "1"]

1. e4 c5 2. Nf3 d6 3. d4 cxd4 4. Nxd4 Nf6 5. Nc3 a6 6. Rg1 e5 7. Nb3 Be6 8. g4 d5 9. g5 Nxe4 10. Nxe4 dxe4 11. Qxd8+ Kxd8 12. Bg2 Nc6 13. Bxe4 1/2-1/2

[Event "Seefeld op 14th"]
[Site "Seefeld"]
[Date "2003.09.14"]
[Round "2"]
[White "Rantner, Otto"]
[Black "Scacco, Mauro"]
[Result "1/2-1/2"]
[WhiteElo "1804"]
[BlackElo "2090"]
[PlyCount "125"]
[EventDate "2003.09.13"]
[EventType "swiss"]
[EventRounds "9"]
[EventCountry "AUT"]
[SourceTitle "CBM 097 Extra"]
[Source "ChessBase"]
[SourceDate "2004.01.13"]
[SourceVersion "1"]
[SourceVersionDate "2004.01.13"]
[SourceQuality "1"]

1. d4 Nf6 2. c4 d6 3. Nc3 e5 4. dxe5 dxe5 5. Qxd8+ Kxd8 6. Bg5 Nbd7 7. 0-0-0 c6 8. Nf3 Kc7 9. Bxf6 gxf6 10. e3 Nc5 11. Nd2 Bf5 12. Nb3 Rg8 13. Rg1 Nd7 14. Bd3 Be6 15. Ne2 a5 16. Nd2 f5 17. Ng3 e4 18. Be2 Nc5 19. Nh5 a4 20. g4 Bd6 21. gxf5 Bxf5 22. Rxg8 Rxg8 23. Nf6 Rb8 24. f4 Be7 25. Nh5 Nd3+ 26. Bxd3 exd3 27. Ng3 Bg4 28. Rh1 a3 29. b3 b5 30. h3 Be6 31. f5 Bd7 32. e4 Bg5 33. h4 Be3 34. Ngf1 Bf4 35. Rh3 bxc4 36. bxc4 Rb4 37. Rxd3 Rxc4+ 38. Kd1 Ra4 39. Ke2 Bc8 40. Kf3 Ba6 41. Rb3 Be5 42. Ne3 h5 43. Nc2 Bb2 44. Rb4 Bb5 45. Rb3 f6 46. Ne3 Rd4 47. Nb1 Ba4 48. Rxa3 Bxa3 49. Nxa3 Rd2 50. Nac4 Rxa2 51. e5 fxe5 52. f6 Bb3 53. Nxe5 Kd6 54. f7 Ra8 55. Kf4 Rf8 56. Nf5+ Kc7 57. Nh6 c5 58. Kg5 Kd6 59. Kf6 Bxf7 60. Nhxf7+ Kd5 61. Kg6 c4 62. Nxc4 Kxc4 63. Ng5 1/2-1/2

[Event "Seefeld op 14th"]
[Site "Seefeld"]
[Date "2003.09.13"]
[Round "1"]
[White "Pap, Gyula"]
[Black "Rantner, Otto"]
[Result "1-0"]
[WhiteElo "2189"]
[BlackElo "1804"]
[PlyCount "95"]
[EventDate "2003.09.13"]
[EventType "swiss"]
[EventRounds "9"]
[EventCountry "AUT"]
[SourceTitle "CBM 097 Extra"]
[Source "ChessBase"]
[SourceDate "2004.01.13"]
[SourceVersion "1"]
[SourceVersionDate "2004.01.13"]
[SourceQuality "1"]

1. d4 Nf6 2. c4 e5 3. dxe5 Ng4 4. Nf3 Bc5 5. e3 Nc6 6. Be2 Ngxe5 7. 0-0 0-0 8. Nc3 a5 9. b3 d6 10. Bb2 Bf5 11. a3 Re8 12. Kh1 Nxf3 13. Bxf3 Qh4 14. Nd5 Rac8 15. g3 Qd8 16. Qd2 Be4 17. Bxe4 Rxe4 18. b4 Ba7 19. b5 Ne5 20. Bxe5 Rxe5 21. Qxa5 Bc5 22. Qd2 Qd7 23. Nf4 Re4 24. Qd5 Rce8 25. a4 c6 26. Qd3 cxb5 27. axb5 b6 28. Ra4 h6 29. Rfa1 Qg4 30. Kg2 Qd7 31. Ra7 Qf5 32. Ra8 Rxa8 33. Rxa8+ Kh7 34. Nd5 Re5 35. Qxf5+ Rxf5 36. f4 Rxd5 37. cxd5 Bxe3 38. Kf3 Bg1 39. f5 g5 40. Rd8 Bc5 41. Rc8 Kg7 42. Ke4 h5 43. Rc7 g4 44. Kf4 Bg1 45. Rc6 Bxh2 46. Rxb6 h4 47. Kxg4 hxg3 48. Kf3 1-0

[Event "Seefeld op 11th"]
[Site "Seefeld"]
[Date "2000.09.24"]
[Round "9"]
[White "Strasser, Josef"]
[Black "Rantner, Otto"]
[Result "1/2-1/2"]
[WhiteElo "1739"]
[BlackElo "1815"]
[PlyCount "58"]
[EventDate "2000.09.16"]
[EventType "swiss"]
[EventRounds "9"]
[EventCountry "AUT"]
[SourceTitle "EXT 2001"]
[Source "ChessBase"]
[SourceDate "2000.11.22"]
[SourceVersion "1"]
[SourceVersionDate "2000.11.22"]
[SourceQuality "1"]

1. d4 Nf6 2. Nf3 e6 3. c4 Bb4+ 4. Bd2 Qe7 5. a3 Bxd2+ 6. Qxd2 d6 7. Nc3 0-0 8. e3 Nc6 9. Bd3 e5 10. Nd5 Nxd5 11. cxd5 Nxd4 12. exd4 e4 13. Qe3 Re8 14. 0-0 exd3 15. Qxd3 Bg4 16. Rfe1 Qd7 17. Rxe8+ Rxe8 18. Re1 Bxf3 19. Rxe8+ Qxe8 20. gxf3 f6 21. Qb3 Qc8 22. Kg2 Kf8 23. Qe3 Qd7 24. Qb3 b6 25. Qd3 g6 26. Qa6 Qf5 27. Qxa7 Qg5+ 28. Kh3 Qf5+ 29. Kg2 Qg5+ 1/2-1/2

[Event "Seefeld op 10th"]
[Site "Seefeld"]
[Date "1999.09.12"]
[Round "2"]
[White "Rantner, Otto"]
[Black "Nachtkamp, Herbert"]
[Result "0-1"]
[WhiteElo "1760"]
[BlackElo "2091"]
[PlyCount "80"]
[EventDate "1999.09.11"]
[EventType "swiss"]
[EventRounds "9"]
[EventCountry "AUT"]
[SourceTitle "EXT 2001"]
[Source "ChessBase"]
[SourceDate "2000.11.22"]
[SourceVersion "1"]
[SourceVersionDate "2000.11.22"]
[SourceQuality "1"]

1. Nf3 g6 2. c4 Bg7 3. d4 d6 4. Nc3 e5 5. e4 Nc6 6. Be3 exd4 7. Nxd4 Nge7 8. Be2 0-0 9. Qd2 f5 10. f3 fxe4 11. fxe4 Nxd4 12. Bxd4 Bxd4 13. Qxd4 Be6 14. 0-0-0 Nc6 15. Qe3 Qe7 16. h4 Ne5 17. Nd5 Bxd5 18. exd5 Rae8 19. Rde1 Qg7 20. Qd4 Qh6+ 21. Kb1 Qf4 22. Qxf4 Rxf4 23. b3 Ref8 24. h5 g5 25. h6 R8f6 26. Rh5 Nf7 27. Bd3 Rxh6 28. Rxh6 Nxh6 29. Re8+ Kg7 30. Ra8 Rf7 31. Rxa7 b6 32. a4 Kf6 33. a5 bxa5 34. Rxa5 Ke5 35. c5 Kd4 36. Bc4 dxc5 37. d6 Rd7 38. Ra6 cxd6 39. Be6 Re7 40. Bc4 Ke5 0-1

[Event "Seefeld op 09th"]
[Site "Seefeld"]
[Date "1998.??.??"]
[Round "2"]
[White "Thoeny, Hermann"]
[Black "Rantner, Otto"]
[Result "1/2-1/2"]
[WhiteElo "2240"]
[BlackElo "1800"]
[PlyCount "98"]
[EventDate "1998.09.12"]
[EventType "swiss"]
[EventRounds "9"]
[EventCountry "AUT"]
[SourceTitle "EXT 2000"]
[Source "ChessBase"]
[SourceDate "1999.11.16"]
[SourceVersion "1"]
[SourceVersionDate "1999.11.16"]
[SourceQuality "1"]

1. d4 g6 2. Nf3 d6 3. c4 Bg7 4. Nc3 Nf6 5. h3 0-0 6. Bf4 c6 7. e3 Nbd7 8. Be2 Re8 9. 0-0 Nb6 10. Qc2 Bd7 11. Rfd1 Rc8 12. Rab1 d5 13. c5 Bf5 14. Bd3 Bxd3 15. Qxd3 Na8 16. b4 a6 17. a4 Nc7 18. b5 axb5 19. axb5 Nd7 20. bxc6 bxc6 21. Qc2 e5 22. Bh2 e4 23. Nd2 h6 24. Rb7 Ne6 25. Ra1 Ndxc5 26. dxc5 Nxc5 27. Rbb1 d4 28. exd4 Bxd4 29. Nc4 Qf6 30. Ra3 Nd3 31. Nxe4 Rxe4 32. Rxd3 Rce8 33. Ne3 Bxe3 34. Rxe3 Rxe3 35. fxe3 Rxe3 36. Rf1 Qe6 37. Bf4 Re2 38. Qc3 g5 39. Bc1 Qe4 40. Qg3 Qc2 41. Ba3 Qa2 42. Bc1 Qc2 43. Ba3 Qa2 44. Kh1 Qd5 45. Rb1 Qe4 46. Rb8+ Kh7 47. Kh2 Re3 48. Qd6 Rxh3+ 49. gxh3 Qe2+ 1/2-1/2